Top 10 des prénoms de filles en France en 2000 - Statistiques

Statistiques générales
  • Ce quiz a été pris 976 fois
  • Le résultat moyen est 5 sur 10
Statistiques - réponses
Prénoms % Correct
5 Emma
73%
1 Léa
66%
6 Marie
63%
4 Chloé
53%
2 Manon
51%
3 Camille
43%
8 Sarah
40%
9 Laura
31%
10 Mathilde
25%
7 Océane
19%
Aucun quiz correspondant
Distribution des résultats
% des personnes avec chaque résultat
Percentile par nombre de réponses
Votre historique - résultats
Vous n’avez pas pris ce quiz